| 000 | 00368 a2200169 4500 | ||
|---|---|---|---|
| 001 | 170325 | ||
| 020 | _a85-7208-267-9 | ||
| 040 | _cMagnum | ||
| 100 | _aRamos, Anna Claudia | ||
| 240 | 1 | 0 |
_aTodo mundo tem medo _lpor |
| 245 | 1 | 0 | _aTodo mundo tem medo |
| 300 | _a31 | ||
| 362 | 0 | _a2008 | |
| 440 | 1 | _aFormato | |
| 697 | _aLITERATURA INFANTO-JUVENIL | ||
| 942 | _cBK | ||
| 999 |
_c170325 _d170325 |
||